| 000 | 00997cab a2200277 4500 | ||
|---|---|---|---|
| 001 | WB2843-10 | ||
| 008 | 090401t1992 xxu||||| |||| 00| 0 eng d | ||
| 035 | _a(Sirsi) u55152 | ||
| 041 | _aeng | ||
| 245 | _aCommercial property forecast | ||
| 260 | _c1992 | ||
| 350 | _a0 | ||
| 490 |
_aRICS Press Release _vPR146/92 26 October 1992 |
||
| 490 |
_aEstates Times _v(1165) 30 October 1992, 3(3) |
||
| 520 | _aThe London Business School has formulated a price model based on the IPD monthly index and from this model will make three forecasts a year on commercial property values. Its first forecast suggests no real growth until 1995. | ||
| 650 | _aCAPITAL VALUES | ||
| 650 | _aCOMMERCIAL PROPERTY PRICES | ||
| 650 | _aFORECASTS | ||
| 650 | _aIPD MONTHLY INDEX | ||
| 650 | _aLBS / RICS COMMERCIAL PROPERTY MODEL | ||
| 650 | _aLONDON BUSINESS SCHOOL | ||
| 650 | _aRICS / LBS COMMERCIAL PROPERTY MODEL | ||
| 690 | _aPROPERTY-COMMERCIAL PROPERTY | ||
| 942 | _n0 | ||
| 948 | _c04/03/1997 | ||
| 999 |
_c33709 _d33709 |
||